Deepest NBA Teams 2019 - Statistics

General Stats
  • This quiz has been taken 715 times
  • The average score is 4 of 8
Answer Stats
# Players Team % Correct
6 Stephen Curry, Kevin Durant, Draymond Green, Klay Thompson, DeMarcus Cousins, Andre Iguodala Warriors
90%
5 LeBron James, Brandon Ingram, Lonzo Ball, Kyle Kuzma, Kentavious Caldwell-Pope Lakers
81%
7 Kyrie Irving, Jayson Tatum, Al Horford, Jaylen Brown, Gordon Hayward, Marcus Smart, Terry Rozier Celtics
76%
5 Kawhi Leonard, Kyle Lowry, Fred VanVleet, OG Anunoby, Danny Green Raptors
60%
6 Joel Embiid, Ben Simmons, Robert Covington, Dario Saric, JJ Redick, Markelle Fultz 76ers
50%
5 Nikola Jokic, Gary Harris, Jamal Murray, Paul Millsap, Will Barton Nuggets
35%
5 Donovan Mitchell, Rudy Gobert, Ricky Rubio, Joe Ingles, Derrick Favors Jazz
22%
6 Victor Oladipo, Myles Turner, Thaddeus Young, Tyreke Evans, Domantas Sabonis, Darren Collison Pacers
20%
No matching quizzes found
Score Distribution
Percent of People with Each Score
Percentile by Number Answered
Your Score History
You have not taken this quiz